000
00237 a2200097 4500
001
39806
100
_a
Sang-e-Meel Pubs
245
_a
Islami Qanoon-e-Faujdari
260
_a
Lahore
_b
Sang-e-Meel Publications
_c
1989
090
_c
24811
_d
24811
942
_a
NUST-CAE
_c
M
_c
16460
999
_c
274879
_d
274879